[Event "Philip Hogarty Memorial GM 2019"]
[Site "Stillorgan"]
[Date "2019.01.03"]
[Round "2"]
[White "Maksimenko, Andrei"]
[Black "Fernandez, Daniel Howard"]
[Result "1-0"]
[WhiteElo "2484"]
[BlackElo "2465"]
[Annotator "TA"]
[PlyCount "79"]
[EventDate "2019.01.02"]
[EventType "tourn"]
[EventCountry "IRL"]
[SourceTitle "playchess.com"]
[Source "ChessBase"]
[SourceQuality "1"]

{[%evp 9,79,47,47,47,54,41,62,65,68,62,89,110,74,77,92,97,108,100,104,90,71,56,68,10,10,12,7,19,23,12,24,6,19,27,42,22,23,13,14,-29,-34,-34,0,0,0,0,16,0,0,0,0,0,0,0,0,0,0,0,20,0,436,433,436,428,416,408,4674,1850,1606,1659,29997,29998]} 1. d4 g6 2. c4 Bg7 3. e4 e5 (3... d6 4. Nf3 Nf6 5. Nc3 O-O 6. Be2 e5 7. O-O Nc6 8. d5 Ne7 9. Bd2 Ne8 10. Rc1 f5 11. Qb3 h6 12. c5 Kh8 13. cxd6 Nxd6 14. Bd3 c6 15. dxc6 Nxc6 16. Be3 Nd4 17. Bxd4 exd4 18. Nb5 Nxe4 19. Nc7 Rb8 20. Na6 Ra8 21. Nc7 Rb8 22. Na6 Ra8 23. Nc7 {½-½ (23) Melkumyan,H (2660)-Grischuk,A (2769) Douglas 2018}) 4. dxe5 Bxe5 5. Nf3 Bg7 6. Nc3 {A40: Unusual replies to 1 d4} Ne7 7. h4 h6 8. Be3 $146 {White is slightly better.} ({Predecessor:} 8. Bf4 d6 9. c5 Nbc6 10. cxd6 cxd6 11. Qxd6 {1-0 (40) Yurtaev,L (2476)-Dzhumaev,M (2526) Tashkent 2007}) 8... d6 9. c5 dxc5 10. Qxd8+ Kxd8 11. O-O-O+ Ke8 12. Bxc5 c6 13. Nd2 Be6 14. Nc4 {Nd6+ is the strong threat.} Nc8 15. Be2 Nd7 16. Bd4 (16. Be3 $14) 16... Bxd4 $11 17. Rxd4 Bxc4 18. Bxc4 Ncb6 {With the idea ...c5.} 19. Be2 Ke7 20. g3 a5 21. h5 Nc5 22. hxg6 fxg6 23. f4 h5 24. e5 h4 25. gxh4 Ne6 26. Rd6 Nxf4 27. Bg4 a4 28. Rf1 Raf8 {And now ...Nd3+! would win.} 29. Rf6 $36 {[%mdl 2048] White has good play.} Nd3+ 30. Kc2 Nb4+ 31. Kb1 Rxf6 32. exf6+ Kf8 $1 33. Ne4 Rxh4 (33... N4d5 $5 {[%cal Rd5e3]}) 34. Ng5 Rxg4 $4 {[%mdl 8192]} (34... Nc4 $11 {and Black is okay.} 35. Ne6+ Kf7 36. Ng5+ Kf8 37. Ne6+ Kf7 38. Ng5+ Kf8) 35. Ne6+ $18 Kf7 36. Nd8+ {[%mdl 64] Double Attack} Kf8 {aiming for ...Nd7.} 37. Rh1 $1 {[%cal Rh1h8] [#]} Kg8 {[#]} (37... Rg1+ $142 $1 {[%mdl 512]} 38. Rxg1 N4d5 39. Rxg6 Nd7 40. Nxb7 N5xf6) 38. f7+ $1 Kg7 {[#]} 39. Rf1 $1 Nd7 40. Ne6+ {Accuracy: White = 54%, Black = 62%.} 1-0

[Event "Philip Hogarty Memorial GM 2019"]
[Site "Stillorgan"]
[Date "2019.01.03"]
[Round "2"]
[White "Glek, Igor"]
[Black "Fitzsimons, David"]
[Result "1-0"]
[WhiteElo "2453"]
[BlackElo "2301"]
[Annotator "TA"]
[PlyCount "85"]
[EventDate "2019.01.02"]
[EventType "tourn"]
[EventCountry "IRL"]
[SourceTitle "playchess.com"]
[Source "ChessBase"]
[SourceQuality "1"]

{[%evp 23,85,14,56,55,41,44,46,44,41,40,44,43,50,52,64,22,25,-16,-18,-10,-4,-42,-29,-35,-19,-17,-16,-50,183,182,345,170,437,442,450,448,444,427,425,425,475,481,490,485,557,552,551,546,596,595,672,673,666,659,643,652,792,792,772,771,869,762,732,748]} 1. e4 d6 2. d4 Nf6 3. Nc3 g6 4. Nf3 Bg7 5. Be3 a6 6. h3 O-O 7. a4 Nc6 8. Bc4 {B08: Pirc Defence: Classical System} (8. d5 Nb8 9. Bd3 e6 10. dxe6 Bxe6 11. Nd4 d5 12. O-O Nc6 13. Nxc6 bxc6 14. Bd4 dxe4 15. Bxe4 Nxe4 16. Bxg7 Qxd1 17. Rfxd1 Nxf2 18. Bxf8 Nxd1 19. Rxd1 Kxf8 {0-1 (59) Andreikin,D (2712)-Artemiev,V (2697) Moscow 2018}) 8... Nxe4 9. Nxe4 d5 10. Bd3 dxe4 11. Bxe4 Qd6 12. O-O Rd8 {[%cal Rc6d4] LiveBook: 3 Games} 13. c3 Be6 14. Re1 Bd5 15. Bxd5 Qxd5 16. Bf4 $146 Rd7 17. Qc2 Rad8 18. Re3 Na5 19. Rae1 e6 20. b4 Nc4 21. R3e2 a5 22. bxa5 Qxa5 23. Qb3 Nb6 24. Ra2 c5 {[%cal Rc5d4]} 25. Ne5 Rxd4 $2 {[#]} (25... Bxe5 $15 {stays ahead.} 26. Rxe5 Nd5 {[%mdl 64] Double Attack}) 26. Nxf7 $1 $18 Rf8 $2 (26... R8d5 27. Nh6+ Kh8) 27. Bc7 (27. Nh6+ $142 Kh8 28. Bc7) 27... Rd3 $2 (27... c4 {was necessary.} 28. Qb2 (28. Qxb6 Qxc3 29. Nh6+ Bxh6 $14) 28... Rd7 29. Bxb6 Qd5) 28. Ne5 {White is clearly winning.} ({Worse is} 28. Qxb6 Qxb6 29. Bxb6 Rxf7 $11) ({Not} 28. Bxb6 Qxc3 29. Qxc3 (29. Qxe6 Rxf7 30. Rae2 Bf8 $11) 29... Bxc3 $16) 28... c4 29. Qxb6 Qxb6 30. Bxb6 Rxc3 31. Ba5 Rb3 32. Nxc4 Ra8 33. Bd2 Ra6 34. Na5 Rbb6 35. Rc1 Ra8 36. Rac2 h5 37. Rc8+ Rxc8 38. Rxc8+ Kh7 39. Rc7 Rb1+ 40. Kh2 Kg8 41. Rxb7 Rd1 42. Nc4 Bd4 43. Be3 {Accuracy: White = 61%, Black = 30%.} 1-0

[Event "Philip Hogarty Memorial GM 2019"]
[Site "Stillorgan"]
[Date "2019.01.03"]
[Round "2"]
[White "Collins, Sam E."]
[Black "Daly, Colm"]
[Result "1-0"]
[WhiteElo "2428"]
[BlackElo "2282"]
[Annotator "TA"]
[PlyCount "143"]
[EventDate "2019.01.02"]
[EventType "tourn"]
[EventCountry "IRL"]
[SourceTitle "playchess.com"]
[Source "ChessBase"]
[SourceQuality "1"]

{[%evp 28,143,61,54,71,56,70,59,104,109,130,133,148,145,138,145,158,158,167,125,127,37,41,41,45,49,45,43,47,0,0,-7,35,29,68,44,109,79,83,39,168,112,137,122,132,122,126,101,121,0,102,59,105,85,158,164,164,158,202,203,198,163,177,131,131,0,138,138,145,137,145,121,139,128,128,128,145,137,283,283,283,283,283,283,300,283,283,277,276,268,268,227,268,242,322,326,360,268,268,0,356,355,356,348,341,341,417,241,241,241,991,931,29967,29969,29968,29969,29972,29973]} 1. e4 c5 2. Nf3 d6 3. Bb5+ Bd7 4. Bxd7+ Nxd7 5. O-O Ngf6 6. Qe2 e6 7. d4 cxd4 8. Nxd4 Be7 9. c4 a6 10. b3 O-O 11. Nc3 Re8 12. Bb2 Bf8 {B52: Sicilian: Moscow Variation with 3...Bd7} (12... Rc8 13. Rad1 Qa5 14. Kh1 Qh5 15. Qxh5 Nxh5 16. g3 Nhf6 17. Kg2 Rc7 18. f3 Rec8 19. Rf2 Kf8 20. Rfd2 h5 21. h4 Ne5 {½-½ (56) Anand,V (2798)-Carlsen,M (2775) Mainz 2008}) 13. Rad1 Qc7 14. f4 Rac8 15. Kh1 {LiveBook: 9 Games} e5 16. fxe5 $146 ({Predecessor:} 16. Nf5 Re6 17. Ne3 exf4 18. Ned5 Nxd5 19. Nxd5 Qc6 20. Rxf4 Rce8 21. Rdf1 f6 {0-1 (45) Boscolo,F (2320)-Vignesh,N (2360) Durban 2014}) 16... dxe5 17. Nf5 g6 18. Ne3 Bg7 19. Ncd5 Nxd5 20. Nxd5 Qc6 21. Ba3 Bf8 22. Bxf8 Kxf8 23. Qf2 {[%csl Gf1][%cal Rf2f7]} Qe6 24. Nb6 (24. Qa7 $16) 24... Nxb6 $14 25. Rd6 $1 {[%cal Rd6e6][%mdl 64] Double Attack} Qe7 {White must now prevent ...Nd7.} 26. Qxb6 Kg7 27. Rfd1 {Strongly threatening Rd7.} Rc7 28. Qf2 Rec8 29. a4 h5 (29... b5 $5) 30. a5 h4 31. h3 Rf8 ({Black should try} 31... Rc5 $14) 32. Qe3 Re8 33. R1d5 Rh8 (33... Rc6 $14 34. c5 Rxd6 35. cxd6 Qe6) 34. Qd2 (34. c5 $18) 34... Rhc8 35. Rd3 Rb8 36. Kh2 Rbc8 37. Rf3 Rf8 38. Rfd3 Rfc8 $1 39. Qe3 Rh8 40. R3d5 Rhc8 (40... Rh5 $142) 41. c5 $16 Rb8 42. b4 Rf8 43. Qd2 Rfc8 44. Rd3 Rb8 45. Rb6 Re8 46. Rbd6 Rb8 $1 47. Rb3 Rbc8 48. Kh1 Re8 49. Rf3 Rf8 50. Kh2 Rfc8 51. Kg1 Rb8 52. Rdf6 $36 {[%mdl 2048] White is really pushing.} Rc6 (52... Rh8 $16 53. Rxf7+ Qxf7 54. Rxf7+ Rxf7) 53. Rxf7+ $18 Qxf7 54. Rxf7+ Kxf7 {[%mdl 4096] Endgame KQ-KRR} 55. Qh6 Rg8 56. Qxh4 Re6 57. Qg5 Re7 58. Qd2 Kg7 59. Qd5 Rge8 60. Kh2 Rf8 61. Qd6 Rfe8 62. Qb6 Rc8 63. Qd6 Rce8 64. Kg3 Re6 65. Qd5 R8e7 66. Kg4 Kf6 67. Qd8 Kg7 68. b5 axb5 $2 {[#]} (68... Re8 69. Qd5 R8e7) 69. a6 $1 {[%cal Ba5a6,Ba6b7][%mdl 544]} Re8 {[#]} (69... bxa6 70. c6) 70. Qxe8 $3 {[%mdl 512] White mates.} Rxe8 71. axb7 b4 72. c6 {Accuracy: White = 69%, Black = 41%.} 1-0

[Event "Philip Hogarty Memorial GM 2019"]
[Site "Stillorgan"]
[Date "2019.01.04"]
[Round "4"]
[White "Maksimenko, Andrei"]
[Black "Fitzsimons, David"]
[Result "1/2-1/2"]
[WhiteElo "2484"]
[BlackElo "2301"]
[Annotator "ChessBase"]
[PlyCount "21"]
[EventDate "2019.01.02"]
[EventType "tourn"]
[EventCountry "IRL"]
[SourceTitle "playchess.com"]
[Source "ChessBase"]
[SourceQuality "1"]
[TimeControl "5400+30"]

1. d4 {[%emt 0:00:00]} Nf6 {[%emt 0:00:00]} 2. c4 {[%emt 0:00:00]} e6 {[%emt 0:00:00]} 3. Nc3 {[%emt 0:01:39]} Bb4 {[%emt 0:00:00]} 4. a3 {[%emt 0:00:47]} Bxc3+ {[%emt 0:00:00]} 5. bxc3 {[%emt 0:00:02]} c5 {[%emt 0:00:36]} 6. e3 {[%emt 0:04:26]} Nc6 {[%emt 0:00:09]} 7. Ne2 {[%emt 0:04:36]} O-O {[%emt 0:03:05]} 8. Ng3 {[%emt 0:03:42]} d5 {[%emt 0:03:53]} 9. cxd5 {[%emt 0:01:57]} Qxd5 {[%emt 0:01:03]} 10. Rb1 {[%emt 0:10:18]} Rd8 {[%emt 0:06:53]} 11. Ra1 {[%emt 1:08:03]} 1/2-1/2

[Event "Philip Hogarty Memorial GM 2019"]
[Site "Stillorgan"]
[Date "2019.01.04"]
[Round "4"]
[White "Glek, Igor"]
[Black "Quinn, Mark"]
[Result "0-1"]
[WhiteElo "2453"]
[BlackElo "2386"]
[Annotator "ChessBase"]
[PlyCount "90"]
[EventDate "2019.01.02"]
[EventType "tourn"]
[EventCountry "IRL"]
[SourceTitle "playchess.com"]
[Source "ChessBase"]
[SourceQuality "1"]
[TimeControl "5400+30"]

1. e4 {[%emt 0:06:03]} c5 {[%emt 0:01:26]} 2. Nf3 {[%emt 0:00:19]} e6 {[%emt 0:00:09]} 3. Nc3 {[%emt 0:00:06]} Nc6 {[%emt 0:00:55]} 4. d4 {[%emt 0:02:08]} cxd4 {[%emt 0:00:10]} 5. Nxd4 {[%emt 0:00:05]} Qc7 {[%emt 0:00:14]} 6. g3 {[%emt 0:02:02]} a6 {[%emt 0:01:53]} 7. Bg2 {[%emt 0:02:22]} d6 {[%emt 0:01:06]} 8. Nxc6 {[%emt 0:05:53]} bxc6 {[%emt 0:00:24]} 9. O-O {[%emt 0:00:02]} h5 {[%emt 0:02:57]} 10. h3 {[%emt 0:06:18]} e5 {[%emt 0:06:33]} 11. Na4 {[%emt 0:03:09]} Nf6 {[%emt 0:03:37]} 12. c4 {[%emt 0:00:13]} Be6 {[%emt 0:06:16]} 13. Qd3 {[%emt 0:12:42]} h4 {[%emt 0:01:34]} 14. g4 {[%emt 0:00:48]} Nd7 {[%emt 0:00:10]} 15. Be3 {[%emt 0:03:42]} Qa5 {[%emt 0:03:19]} 16. b3 {[%emt 0:02:09]} Be7 {[%emt 0:00:48]} 17. Rfc1 {[%emt 0:05:10]} O-O {[%emt 0:07:10]} 18. Bd2 {[%emt 0:06:50]} Qc7 {[%emt 0:02:04]} 19. b4 {[%emt 0:00:21]} Rfd8 {[%emt 0:01:56]} 20. Be3 {[%emt 0:03:55]} Rab8 {[%emt 0:01:46]} 21. Rab1 {[%emt 0:00:05]} Rb7 {[%emt 0:01:19]} 22. Bf1 {[%emt 0:06:20]} Qb8 {[%emt 0:01:42]} 23. a3 {[%emt 0:00:58]} Qa8 {[%emt 0:06:40]} 24. Rd1 {[%emt 0:10:40]} Nf8 {[%emt 0:09:27]} 25. Nc3 {[%emt 0:05:07]} Rc8 {[%emt 0:02:05]} 26. c5 {[%emt 0:03:11]} dxc5 {[%emt 0:00:23]} 27. bxc5 {[%emt 0:00:17]} Bb3 {[%emt 0:01:36]} 28. Rd2 {[%emt 0:08:38]} a5 {[%emt 0:01:34]} 29. Rdb2 {[%emt 0:00:59]} Rd7 {[%emt 0:03:16]} 30. Qa6 {[%emt 0:00:44]} Ra7 {[%emt 0:00:13]} 31. Qxc8 {[%emt 0:00:40]} Qxc8 {[%emt 0:00:10]} 32. Rxb3 {[%emt 0:00:02]} Qe6 {[%emt 0:07:03]} 33. Rb8 {[%emt 0:00:50]} Kh7 {[%emt 0:00:33]} 34. Re8 {[%emt 0:01:22]} Nd7 {[%emt 0:03:46]} 35. Rb2 {[%emt 0:02:18]} Nf6 {[%emt 0:02:26]} 36. Reb8 {[%emt 0:00:03]} Rd7 {[%emt 0:03:57]} 37. g5 {[%emt 0:00:44]} Ng8 {[%emt 0:03:35]} 38. Kh2 {[%emt 0:01:11]} Rd8 {[%emt 0:00:30]} 39. Rxd8 {[%emt 0:00:32]} Bxd8 {[%emt 0:00:05]} 40. Rb7 {[%emt 0:00:27]} Qg6 {[%emt 0:02:15]} 41. Bc4 {[%emt 0:00:01]} Bxg5 {[%emt 0:00:52]} 42. Bxf7 {[%emt 0:00:02]} Qf6 {[%emt 0:00:16]} 43. Bxg8+ {[%emt 0:01:19]} Kxg8 {[%emt 0:00:06]} 44. Rb2 {[%emt 0:00:37]} Bxe3 {[%emt 0:00:42]} 45. fxe3 {[%emt 0:00:01]} Qf3 {[%emt 0:00:12]} 0-1

[Event "Philip Hogarty Memorial GM 2019"]
[Site "Stillorgan"]
[Date "2019.01.04"]
[Round "4"]
[White "Collins, Sam E."]
[Black "Fernandez, Daniel Howard"]
[Result "0-1"]
[WhiteElo "2428"]
[BlackElo "2465"]
[Annotator "ChessBase"]
[PlyCount "118"]
[EventDate "2019.01.02"]
[EventType "tourn"]
[EventCountry "IRL"]
[SourceTitle "playchess.com"]
[Source "ChessBase"]
[SourceQuality "1"]
[TimeControl "5400+30"]

1. e4 {[%emt 0:00:00]} g6 {[%emt 0:17:33]} 2. d4 {[%emt 0:00:22]} Bg7 {[%emt 0:00:02]} 3. Nc3 {[%emt 0:00:44]} a6 {[%emt 0:00:53]} 4. f4 {[%emt 0:02:19]} d5 {[%emt 0:02:25]} 5. e5 {[%emt 0:02:14]} b5 {[%emt 0:02:14]} 6. Nf3 {[%emt 0:02:31]} c6 {[%emt 0:05:46]} 7. Bd3 {[%emt 0:10:47]} a5 {[%emt 0:04:49]} 8. O-O {[%emt 0:05:42]} Na6 {[%emt 0:06:21]} 9. a4 {[%emt 0:07:47]} b4 {[%emt 0:00:09]} 10. Ne2 {[%emt 0:00:40]} Bg4 {[%emt 0:00:16]} 11. f5 {[%emt 0:14:04]} gxf5 {[%emt 0:00:42]} 12. Ng3 {[%emt 0:01:39]} e6 {[%emt 0:00:32]} 13. h3 {[%emt 0:01:02]} Bxf3 {[%emt 0:00:42]} 14. Qxf3 {[%emt 0:00:19]} Ne7 {[%emt 0:07:44]} 15. Nh5 {[%emt 0:07:00]} Rg8 {[%emt 0:00:13]} 16. g4 {[%emt 0:01:53]} Kd7 {[%emt 0:04:24]} 17. Kh1 {[%emt 0:04:47]} c5 {[%emt 0:02:46]} 18. gxf5 {[%emt 0:01:17]} Bh8 {[%emt 0:08:06]} 19. fxe6+ {[%emt 0:07:42]} fxe6 {[%emt 0:00:03]} 20. Bxh7 {[%emt 0:00:39]} Rf8 {[%emt 0:00:15]} 21. Nf6+ {[%emt 0:01:33]} Bxf6 {[%emt 0:02:14]} 22. exf6 {[%emt 0:00:06]} Nc6 {[%emt 0:00:09]} 23. dxc5 {[%emt 0:01:32]} Nxc5 {[%emt 0:05:19]} 24. Be3 {[%emt 0:02:22]} Nb7 {[%emt 0:00:59]} 25. Rad1 {[%emt 0:00:35]} Kc7 {[%emt 0:03:43]} 26. c4 {[%emt 0:05:31]} bxc3 {[%emt 0:00:48]} 27. bxc3 {[%emt 0:00:26]} Nd6 {[%emt 0:00:49]} 28. Rb1 {[%emt 0:02:53]} Qd7 {[%emt 0:01:15]} 29. Bb6+ {[%emt 0:01:36]} Kc8 {[%emt 0:00:03]} 30. Qh5 {[%emt 0:01:31]} Nd8 {[%emt 0:03:17]} 31. Bd3 {[%emt 0:01:55]} Qc6 {[%emt 0:20:59]} 32. Kh2 {[%emt 0:01:23]} Kd7 {[%emt 0:00:00]} 33. Bxd8 {[%emt 0:02:35]} Kxd8 {[%emt 0:00:00]} 34. Qh6 {[%emt 0:02:29]} Kc7 {[%emt 0:00:00]} 35. Qe3 {[%emt 0:00:27]} Nf7 {[%emt 0:00:00]} 36. c4 {[%emt 0:00:39]} Qd6+ {[%emt 0:00:00]} 37. Kh1 {[%emt 0:01:15]} Rh8 {[%emt 0:00:00]} 38. Rf3 {[%emt 0:01:54]} d4 {[%emt 0:00:00]} 39. Qe4 {[%emt 0:00:16]} Rab8 {[%emt 0:00:00]} 40. Rxb8 {[%emt 0:00:15]} Rxb8 {[%emt 0:00:00]} 41. Qh7 {[%emt 0:01:23]} Qd7 {[%emt 0:00:00]} 42. Rg3 {[%emt 0:00:43]} Kd6 {[%emt 0:00:00]} 43. Qe4 {[%emt 0:01:31]} Qb7 {[%emt 0:00:00]} 44. Rg7 {[%emt 0:00:50]} Qxe4+ {[%emt 0:00:00]} 45. Bxe4 {[%emt 0:00:02]} Ke5 {[%emt 0:00:00]} 46. Rxf7 {[%emt 0:00:31]} Kxe4 {[%emt 0:00:00]} 47. Rd7 {[%emt 0:00:50]} d3 {[%emt 0:00:00]} 48. f7 {[%emt 0:01:19]} Ke3 {[%emt 0:00:00]} 49. c5 {[%emt 0:00:20]} d2 {[%emt 0:00:00]} 50. c6 {[%emt 0:00:10]} Ke2 {[%emt 0:00:00]} 51. c7 {[%emt 0:00:16]} Rc8 {[%emt 0:00:14]} 52. Rd8 {[%emt 0:00:47]} d1=Q+ {[%emt 0:00:07]} 53. Rxd1 {[%emt 0:00:24]} Kxd1 {[%emt 0:00:03]} 54. Kg2 {[%emt 0:00:10]} Ke2 {[%emt 0:00:28]} 55. Kg3 {[%emt 0:00:16]} Ke3 {[%emt 0:00:52]} 56. Kg4 {[%emt 0:00:41]} Kd4 {[%emt 0:00:13]} 57. h4 {[%emt 0:00:40]} e5 {[%emt 0:00:56]} 58. Kf5 {[%emt 0:00:50]} Kd5 {[%emt 0:00:03]} 59. h5 {[%emt 0:01:46]} e4 {[%emt 0:00:02] Ke5+ Kxe5 [%clk 1:30:30]} 0-1

[Event "Philip Hogarty Memorial GM 2019"]
[Site "Stillorgan"]
[Date "2019.01.04"]
[Round "4"]
[White "Lane, Gary W"]
[Black "O`Donnell, Conor"]
[Result "1-0"]
[WhiteElo "2358"]
[BlackElo "2358"]
[Annotator "NA"]
[PlyCount "55"]
[EventDate "2019.01.02"]
[EventType "tourn"]
[EventCountry "IRL"]
[SourceTitle "playchess.com"]
[Source "ChessBase"]
[SourceQuality "1"]
[TimeControl "5400+30"]

1. e4 {[%emt 0:00:00]} c6 {[%emt 0:00:00]} 2. d4 {[%emt 0:00:00]} d5 {[%emt 0:00:00]} 3. e5 {[%emt 0:00:56]} Bf5 {[%emt 0:00:00]} 4. h4 {[%emt 0:00:18]} h5 {[%emt 0:00:13]} 5. Bd3 {[%emt 0:00:07]} Bxd3 {[%emt 0:00:11]} 6. Qxd3 {[%emt 0:00:05]} e6 {[%emt 0:00:15]} 7. Bg5 {[%emt 0:01:12]} Qb6 {[%emt 0:00:52]} 8. Nd2 {[%emt 0:04:15]} c5 {[%emt 0:01:12]} 9. c4 {[%emt 0:03:25]} Qxb2 {[%emt 0:01:23]} 10. Rd1 {[%emt 0:00:10]} Nc6 {[%emt 0:00:53]} 11. Ne2 {[%emt 0:02:00]} Nb4 {[%emt 0:07:44]} 12. Qf3 {[%emt 0:07:06]} cxd4 {[%emt 0:24:42]} 13. O-O {[%emt 0:03:28]} d3 {[%emt 0:12:53]} 14. Nf4 {[%emt 0:12:57]} Be7 {[%emt 0:01:12]} 15. cxd5 {[%emt 0:21:52]} exd5 {[%emt 0:00:39]} 16. Rb1 {[%emt 0:20:05]} Qd4 {[%emt 0:12:08]} 17. a3 {[%emt 0:01:48]} Nc6 {[%emt 0:04:45]} 18. Nxd5 {[%emt 0:01:37]} Nxe5 {[%emt 0:07:04]} 19. Nc7+ {[%emt 0:00:24]} Kd8 {[%emt 0:02:34]} 20. Qxb7 {[%emt 0:03:07]} Rc8 {[%emt 0:00:38]} 21. Rb5 {[%emt 0:01:59]} Rxc7 {[%emt 0:05:42]} 22. Rd5+ {[%emt 0:00:10]} Nd7 {[%emt 0:01:41]} 23. Qa8+ {[%emt 0:00:12]} Rc8 {[%emt 0:00:08]} 24. Qxc8+ {[%emt 0:00:06]} Kxc8 {[%emt 0:00:03]} 25. Rxd4 {[%emt 0:00:06]} Ngf6 {[%emt 0:03:07]} 26. Rc1+ {[%emt 0:00:30]} Kd8 {[%emt 0:01:10]} 27. Rxd3 {[%emt 0:00:59]} Re8 {[%emt 0:00:31]} 28. Nf3 {[%emt 0:02:52] Nb8 [%clk 0:00:00]} 1-0

[Event "Philip Hogarty Memorial GM 2019"]
[Site "Stillorgan"]
[Date "2019.01.04"]
[Round "4"]
[White "Daly, Colm"]
[Black "Astaneh Lopez, Alex"]
[Result "1/2-1/2"]
[WhiteElo "2282"]
[BlackElo "2427"]
[Annotator "NA"]
[PlyCount "59"]
[EventDate "2019.01.02"]
[EventType "tourn"]
[EventCountry "IRL"]
[SourceTitle "playchess.com"]
[Source "ChessBase"]
[SourceQuality "1"]
[TimeControl "5400+30"]

1. Nf3 {[%emt 0:15:46]} Nf6 {[%emt 0:00:04]} 2. c4 {[%emt 0:02:33]} e6 {[%emt 0:00:31]} 3. g3 {[%emt 0:01:19]} b6 {[%emt 0:00:57]} 4. Bg2 {[%emt 0:00:08]} Bb7 {[%emt 0:00:04]} 5. O-O {[%emt 0:00:08]} Be7 {[%emt 0:00:48]} 6. Nc3 {[%emt 0:01:16]} O-O {[%emt 0:00:24]} 7. d4 {[%emt 0:00:22]} Ne4 {[%emt 0:00:22]} 8. Nxe4 {[%emt 0:00:04]} Bxe4 {[%emt 0:00:04]} 9. Nh4 {[%emt 0:00:06]} Bxg2 {[%emt 0:03:07]} 10. Nxg2 {[%emt 0:01:25]} d5 {[%emt 0:00:05]} 11. Qa4 {[%emt 0:00:06]} c6 {[%emt 0:01:51]} 12. Bf4 {[%emt 0:01:23]} Qd7 {[%emt 0:00:04]} 13. Rac1 {[%emt 0:09:17]} b5 {[%emt 0:04:44]} 14. cxb5 {[%emt 0:00:34]} cxb5 {[%emt 0:02:18]} 15. Qa5 {[%emt 0:02:09]} Bd8 {[%emt 0:00:35]} 16. Bc7 {[%emt 0:16:44]} Bg5 {[%emt 0:04:04]} 17. Bf4 {[%emt 0:08:31]} Bd8 {[%emt 0:00:31]} 18. Bc7 {[%emt 0:00:04]} Bg5 {[%emt 0:00:05]} 19. Bf4 {[%emt 0:02:25]} Bd8 {[%emt 1:18:52]} 20. Bc7 Bg5 {[%emt 0:00:30]} 21. e3 Rc8 {[%emt 0:00:30]} 22. Bf4 {[%emt 0:36:40]} Bxf4 {[%emt 0:00:30]} 23. Nxf4 {[%emt 0:00:30]} a6 {[%emt 0:00:30]} 24. Nd3 {[%emt 0:00:30]} Nc6 {[%emt 0:00:30]} 25. Qb6 {[%emt 0:00:30]} Nb8 {[%emt 0:00:30]} 26. Nf4 {[%emt 0:00:30]} Nc6 {[%emt 0:00:30]} 27. Nd3 {[%emt 0:00:30]} Ne7 {[%emt 0:00:30]} 28. Ne5 {[%emt 0:00:30]} Qe8 {[%emt 0:00:30]} 29. Qb7 {[%emt 0:00:30]} f6 {[%emt 0:00:30]} 30. Nd7 {[%emt 0:00:30]} 1/2-1/2

[Event "Philip Hogarty Memorial GM 2019"]
[Site "Stillorgan"]
[Date "2019.01.04"]
[Round "5"]
[White "Fernandez, Daniel Howard"]
[Black "Daly, Colm"]
[Result "1-0"]
[WhiteElo "2465"]
[BlackElo "2282"]
[Annotator "ChessBase"]
[PlyCount "73"]
[EventDate "2019.01.02"]
[EventType "tourn"]
[EventCountry "IRL"]
[SourceTitle "playchess.com"]
[Source "ChessBase"]
[SourceQuality "1"]
[TimeControl "5400+30"]

1. Nf3 {[%emt 0:11:31]} Nf6 {[%emt 0:09:26]} 2. c4 {[%emt 0:00:32]} e6 {[%emt 0:00:15]} 3. g3 {[%emt 0:00:11]} d5 {[%emt 0:00:28]} 4. Bg2 {[%emt 0:00:03]} d4 {[%emt 0:01:53]} 5. O-O {[%emt 0:00:12]} c5 {[%emt 0:00:05]} 6. b4 {[%emt 0:00:02]} cxb4 {[%emt 0:04:13]} 7. a3 {[%emt 0:00:03]} Nc6 {[%emt 0:02:08]} 8. d3 {[%emt 0:01:17]} a5 {[%emt 0:04:33]} 9. axb4 {[%emt 0:00:11]} Bxb4 {[%emt 0:00:10]} 10. Na3 {[%emt 0:00:03]} O-O {[%emt 0:00:28]} 11. Nc2 {[%emt 0:03:07]} Bc5 {[%emt 0:00:59]} 12. Ba3 {[%emt 0:00:49]} Bxa3 {[%emt 0:01:40]} 13. Nxa3 {[%emt 0:00:02]} Nd7 {[%emt 0:02:42]} 14. Nd2 {[%emt 0:01:19]} Nc5 {[%emt 0:00:30]} 15. Nb3 {[%emt 0:00:24]} Qe7 {[%emt 0:18:34]} 16. Nxc5 {[%emt 0:01:28]} Qxc5 {[%emt 0:01:04]} 17. Qb3 {[%emt 0:00:02]} Nb4 {[%emt 0:06:21]} 18. Rfb1 {[%emt 0:01:41]} Rb8 {[%emt 0:11:50]} 19. Nc2 {[%emt 0:01:31]} Nxc2 {[%emt 0:00:27]} 20. Qxc2 {[%emt 0:00:03]} b6 {[%emt 0:01:12]} 21. Qa4 {[%emt 0:00:08]} Qc7 {[%emt 0:05:26]} 22. Qc6 {[%emt 0:00:02]} Qxc6 {[%emt 0:02:53]} 23. Bxc6 {[%emt 0:00:03]} Ba6 {[%emt 0:00:14]} 24. Ra2 {[%emt 0:01:24]} Rfc8 {[%emt 0:02:05]} 25. Ba4 {[%emt 0:07:03]} b5 {[%emt 0:08:43]} 26. Bxb5 {[%emt 0:04:07]} Bxb5 {[%emt 0:00:22]} 27. cxb5 {[%emt 0:00:19]} Rc5 {[%emt 0:04:52]} 28. Rxa5 {[%emt 0:00:03]} g6 {[%emt 0:01:51]} 29. Ra4 {[%emt 0:00:17]} e5 {[%emt 0:02:30]} 30. b6 {[%emt 0:00:11]} Kg7 {[%emt 0:00:16]} 31. Rc4 {[%emt 0:00:23]} Ra5 {[%emt 0:00:52]} 32. b7 {[%emt 0:00:09]} Ra7 {[%emt 0:00:05]} 33. Rc7 {[%emt 0:00:05]} g5 {[%emt 0:03:34]} 34. g4 {[%emt 0:00:10]} h6 {[%emt 0:00:08]} 35. Kg2 {[%emt 0:00:02]} Kg6 {[%emt 0:01:10]} 36. Rb6+ {[%emt 0:00:12]} Kg7 {[%emt 0:00:08]} 37. h3 {[%emt 0:00:11]} 1-0